000 01058cam a2200313 a 4500
999 _c331710
_d331710
001 3564193
003 NUST
005 20180702074707.0
008 980717s1998 mau 001 0 eng d
010 _a 98087056
020 _a0738200174 :
_cRs. 540
035 _a(OCoLC)40153193
038 _aArshad
040 _aIWhN
_cIWhN
_dOOxM
_dCSfA
_dDLC
042 _alccopycat
050 0 0 _aQL121
_b.W45 1998
082 0 0 _a591.77
_bWEL
100 1 _aWells, Martin John.
_95491
245 1 0 _aCivilization and the limpet /
_cMartin Wells.
260 _aReading, Mass. :
_bPerseus Books,
_c1998.
300 _ax, 209 p. ;
_c22 cm.
490 0 _aHelix books
500 _aIncludes index.
650 0 _aMarine animals.
_95492
856 4 2 _3Publisher description
_uhttp://www.loc.gov/catdir/enhancements/fy0832/98087056-d.html
906 _a7
_bcbc
_ccopycat
_d2
_eopcn
_f19
_gy-gencatlg
942 _2ddc
_cBK